الوعظ والإرشاد في خطب الجمع والمواسم والأعياد / (Record no. 119561)

MARC details
000 -LEADER
fixed length control field 00601nam a22001817a 4500
005 - DATE AND TIME OF LATEST TRANSACTION
control field 20251108174837.0
008 - FIXED-LENGTH DATA ELEMENTS--GENERAL INFORMATION
fixed length control field 250721s1996 xx 000 0 ara d
082 14 - DEWEY DECIMAL CLASSIFICATION NUMBER
Classification number 218.51/شحا
100 1# - MAIN ENTRY--PERSONAL NAME
Personal name الشحات، محمد سالم
245 10 - TITLE STATEMENT
Title الوعظ والإرشاد في خطب الجمع والمواسم والأعياد /
264 1# - PRODUCTION, PUBLICATION, DISTRIBUTION, MANUFACTURE, AND COPYRIGHT NOTICE
Place of production, publication, distribution, manufacture القاهرة :
Name of producer, publisher, distributor, manufacturer دار المنار للطبع والتوزيع،
Date of production, publication, distribution, manufacture, or copyright notice 1996.
300 ## - PHYSICAL DESCRIPTION
Extent 231ص.
650 17 - SUBJECT ADDED ENTRY--TOPICAL TERM
Topical term or geographic name as entry element الاسلام
650 17 - SUBJECT ADDED ENTRY--TOPICAL TERM
Topical term or geographic name as entry element الوعظ و الارشاد
650 17 - SUBJECT ADDED ENTRY--TOPICAL TERM
Topical term or geographic name as entry element الخطب الدينية
942 ## - ADDED ENTRY ELEMENTS (KOHA)
Source of classification or shelving scheme Dewey Decimal Classification
Koha item type Books
Holdings
حالة السحب حالة الفقدان مصدر التصنيف حالة التلف غير قابل للإعارة المكتبة الرئيسية المكتبة الحالية موقع الرف تاريخ التزويد الرقم المتسلسل Total Checkouts رقم الإستدعاء تاريخ آخر ظهور تاريخ الفاتورة نوع المادة (كوها) الباركود
    Dewey Decimal Classification     المكتبة المركزية المكتبة المركزية مقتنيات قسم التزويد 28/07/2025 1358955   218.51/شحا 28/07/2025 28/07/2025 Books  
    Dewey Decimal Classification     المكتبة المركزية المكتبة المركزية مقتنيات قسم التزويد 28/07/2025 1480885   218.51/شحا 28/07/2025 28/07/2025 Books  
    Dewey Decimal Classification     مكتبة الأميرة ايمان العامة مكتبة الأميرة ايمان العامة الإعارة 15/02/2010 1358960   218.51/شحا 28/07/2025 15/02/2010 Books PLD00134677
    Dewey Decimal Classification     مكتبة البراعم الواعدة مكتبة البراعم الواعدة الإعارة 15/02/2010 1358956   218.51/شحا 28/07/2025 15/02/2010 Books PLD00134673
    Dewey Decimal Classification     مكتبة ومركز فرح مكتبة ومركز فرح الإعارة 15/02/2010 1358963   218.51/شحا 28/07/2025 15/02/2010 Books PLD00134680
Implemented & Customized by: BBB with SCIT (Smart Chains for Information Technology)

Powered by Koha